00419nam a2200157Ia 45000010006000000050017000060080041000230410008000640820019000721000035000912450082001262600009002083000028002176500008002456540008002531378320260306164826.0260306t2005||||xx |||||||||||||| ||spa|| aESP a005.133LVbL32 aLázaro, Antoni MánueleAUT 0aLabview 7.1:bprogramacíón gráfica para el control de instrumentación c2005 a326 páginas :c24 cm. aGEN aCCC